| 000 | 00559nam a2200181 a 4500 | ||
|---|---|---|---|
| 005 | 20210223121855.0 | ||
| 008 | 991125s1965 es 000 0 spa u | ||
| 035 | _aUPN01000025191 | ||
| 049 | _aCE | ||
| 050 | 4 |
_aTR690 _bB3.38 |
|
| 100 | 1 |
_aBarthel, Tobias Max, _dn. 1914 _933739 |
|
| 245 | 1 | 0 |
_aFotografismo publicitario internacional / _cTobias M. Barthel ; tr. Juan-Eduardo Cirlot. |
| 260 |
_aBarcelona, Esp. : _bG. Gili, _c1965. |
||
| 300 |
_a197 p. : _bil. |
||
| 650 | 4 |
_aFOTOGRAFIA COMERCIAL _97162 |
|
| 650 | 4 | _aFOTOGRAFIA PUBLICITARIA | |
| 905 | _aLibro | ||
| 999 |
_c25191 _d25191 |
||